000 01012nac a22002537a 4500
001 BR7702282
003 BR-BrBNA
005 20240105114047.0
008 230509b bl.|||m| |||| 00| 0 por d
040 _aBR-BrBNA
_bpor
_cBiblioteca Nacional de Agricultura
072 _aF00
090 _a0120 BR7702282
110 1 _aEmpresa Brasileira de Pesquisa Agropecuaria, Brasilia, DF;
_93834
110 1 _aEmpresa Brasileira de Assistencia Tecnica e Extensao Rural, Brasilia, DF
_93797
245 1 _aSistemas de producao para milho. Encosta do Sudeste e serra do Sudeste-RS (exceto Lavras do Sul)[Pratica cultural; Zea mays; Rio Grande do Sul; Brasil]
260 3 _aPelotas, RS (Brasil):
_bAssociacao Sulina de Credito e Assistencia Rural,
_c1977.
300 _a44 p.
490 _aSistemas de producao. Boletim (Brazil)
_vno. 120
_xISSN 0100-5359
650 _aMILHO
650 _aPRATICA CULTURAL
650 _aRIO GRANDE DO SUL
909 _a202312
_bLúcia Elande
_c55
_dLúcia Elande
942 _2AGRIS
_n0
_cMS
999 _c267161
_d267161